000 00304nam a22001337a 4500
003 SGT
082 _a617
_bB13W
100 _aWILLIAMS. NORMAN S.
245 _aBAILEY & LOVE'S SHORT PRACTICE OF SURGERY
260 _aNEW YORK
_bCRC
_c2013
300 _a2013
650 _aSURGERY
942 _2ddc
_cBK
_012
999 _c10537
_d10537